000 00532nam a22001937a 4500
003 KOHA_MİRAKIL
005 20250417142524.0
008 250417b tu ||||| |||| 00| 0 tur d
020 _a9786057110176
040 _aTR-AnABB
_btur
_cTR-AnABB
041 _atur
082 _a828.3352
_bLON 2022
100 1 _aLondon, Jack,
_d1876-1916
245 1 0 _aMacera /
_cJack London
260 _aİstanbul :
_bScala Yayıncılık,
_c2022
300 _a272 sayfa ;
_c20 cm
650 0 4 _aAmerikan edebiyatı, roman
942 _2ddc
_cBK
999 _c8750
_d8750
900 _bGizem YORULMAZ